01853cam a22003614i 4500003000900000005001700009008004100026035001800067040003300085082000900118110007800127245005900205264010200264300004400366336002100410337002500431338002300456500002700479505084200506526001001348526001001358526001001368526001001378526000801388526000801396526000801404526000801412526000801420526000801428526000801436650002201444650002501466PE-LiUPU20250731173007.0150616s1990    br      r     000 0 spa d  a(Sirsi) a2226  aPE-LiUPUbspacPE-LiUPUerda04b2212 aDepartamento de Jóvenes Misioneros Voluntarios. División Sudamericana10aCurso de preparación para consejeros conquistadores. 1aSao Paulo :bDepartamento de los Jóvenes Misioneros Voluntarios División Sudamericana,c1990.  a199 páginas :bilustraciones ;c26 cm  atext2rdacontent  aunmediated2rdamedia  avolume2rdacarrier  aEdición fotocopiada.0 aMiremos al guía -- Cómo organizar un club de conquistadores -- Aquí viene el conquistador -- Juntos hacia adelante -- Actividades manuales -- El gozo del descubrimiento -- Vamos al campamento! -- Filosofía básica de los conquistadores -- El conquistador como individuo -- Organización del programa -- Sirviendo a la comunidad -- El conquistador necesita la amistad de los adultos -- Relaciones públicas -- Adiestramiento del personal -- Evaluación del club -- La consevación del interés -- Orientación -- Ejercicios de formación -- Ceremonias -- Juegos al aire libre -- Trabajos en metal -- Cestería -- Fabricación de lámparas -- Decoración floral -- Estudio de la naturaleza -- Actividades al aire libre -- Actividades para el día sábado -- Excursiones de estudio práctico -- El arte de colecciona.  aSEG42  aSEG41  aSEG40  aSEG39  aP94  aP87  aP86  aP85  aP77  aP76  aP3504aJóvenes (IASD).04aSOCIEDADES Y CLUBES.